Statistics for Top 50 Countries With The Lowest IQ Score

Click here to take the quiz!

General Stats

  • This quiz has been taken 162 times
  • The average score is 31 of 50

Answer Stats

IQCountry% Correct
70.7Niger
82%
67.7Nigeria
82%
63.7DR Congo
81%
67.6Somalia
81%
62.9Congo
76%
68.3Ethiopia
76%
58.6South Sudan
76%
58.1Ghana
73%
53.4Guinea
73%
74.0Zimbabwe
73%
68.8Lesotho
71%
68.4Zambia
71%
69.9Rwanda
70%
45.0Liberia
69%
59.7Mali
69%
44.5Sierra Leone
69%
52.6Gambia
68%
42.9Nepal
68%
68.8Eswatini
67%
72.0Burundi
66%
62.0Central African Republic
66%
66.1Namibia
66%
59.8Togo
66%
69.7Benin
65%
68.7Eritrea
65%
68.8South Africa
65%
67.7Cameroon
64%
69.4Botswana
63%
59.7Mauritania
63%
63.0Gabon
62%
69.2Malawi
62%
72.5Mozambique
62%
58.1Ivory Coast
61%
73.8Burkina Faso
58%
62.8Yemen
57%
68.0Djibouti
56%
65.7Morocco
53%
47.7Cape Verde
51%
70.0El Salvador
48%
62.8Honduras
47%
52.7Nicaragua
47%
64.9São Tomé and Principe
47%
62.5Belize
44%
52.5Guatemala
44%
74.3Bangladesh
41%
67.0Dominica
40%
70.8Saint Kitts and Nevis
38%
65.0Saint Vincent and the Grenadines
36%
70.4Antigua and Barbuda
34%
73.6Saint Lucia
34%

Score Distribution

Percentile by Number Answered

Percent of People with Each Score

Your Score History

You have not taken this quiz